'E'-less Canadian Provinces & Territories Quiz Stats

 Plays Quiz not verified by Sporcle

Score 0/6 Timer 00:30
0 Plays Today
E-less % Correct
Ontario
88.2%
Yukon
83.5%
British Columbia
83.1%
Manitoba
78.9%
Nunavut
78.6%
Nova Scotia
72.6%

You're not logged in!

Compare scores with friends on all Sporcle quizzes.
OR
Log In

Sporcle TV

Today on Sporcle TV


Watch our educational content, quiz creation guides, and fun videos on Sporcle TV.

Show Comments

Extras

Top Quizzes Today


Score Distribution

Your Account Isn't Verified!

In order to create a playlist on Sporcle, you need to verify the email address you used during registration. Go to your Sporcle Settings to finish the process.

Report this User

Report this user for behavior that violates our Community Guidelines.

Details: